• 首页
  • 本馆介绍
  • 公告通知
  • 最新文献
  • 馆藏检索
  • 电子资源
  • 读者导购
  • 参考咨询
  • 我的图书馆
  • 登录
  • 详细信息显示
  • 放入我的书架
  • 预约/预借图书
  • 作者相关作品
  • 分类相关作品
  • 丛书相关作品
  • 出版社相关作品

书目信息

  • 表格格式
  • 工作单格式
  • 卡片格式
题名:
历史小故事丛书选辑
    
 
作者: ;河北人民出版社 编
分册:   先秦部分
出版信息: 石家庄   河北人民出版社  1984
页数: 520页
开本: 19cm
丛书名:
单 册:
中图分类: I287.53 , I242
科图分类:
主题词: 儿童文学-历史故事--中国--现代--选集 , 历史故事-儿童文学--中国--现代--选集 , 小说--中国
电子资源:
ISBN:
000 00752nam0 2200253 450
001 1536499430
005 20150121100929.50
010    @dCNY1.45
091    @aR10086.660
100    @a19950630d1984 demy0chiy0110 ea
101 0  @achi
102    @aCN@b130000
105    @af z 000fy
200 1  @a历史小故事丛书选辑@9li shi xiao gu shi cong shu xuan ji@i先秦部分@f河北人民出版社编
210    @a石家庄@c河北人民出版社@d1984
215    @a520页@c插图@d19cm
606 0  @a儿童文学-历史故事@y中国@z现代@x选集
606 0  @a历史故事-儿童文学@y中国@z现代@x选集
606 0  @a小说@x中国
690    @aI287.53@v5
690    @aI242@v4
711 02 @a河北人民出版社@9he bei ren min chu ban she@4编
801  0 @aCN@bTSSF@c20150121
905    @aZUCC@dI242@eJY17
    
    历史小故事丛书选辑.先秦部分/河北人民出版社编.-石家庄:河北人民出版社,1984
    520页:插图;19cm
    
    
    ISBN :CNY1.45
    
●
相关链接 在E读中查询图书 在五车中查询图书 在当当中查询图书 在豆瓣中查询图书


正题名:历史小故事丛书选辑     索取号:I242/JY17         预约/预借

序号 登录号 条形码 馆藏地/架位号 状态 备注
1 7856838   278568382   学院路分馆/ [索取号:I242/JY17] 在馆    
2 7856839   278568391   学院路分馆/ [索取号:I242/JY17] 在馆    
唐山师范学院图书馆 欢迎您!
大连网信软件有限公司© 版权所有